Государство Надир-Шаха Афшара : (Record no. 391345)
[ view plain ]
| 000 -LEADER | |
|---|---|
| fixed length control field | 00775nam a2200205 a 4500 |
| 001 - CONTROL NUMBER | |
| control field | 000589549 |
| 003 - CONTROL NUMBER IDENTIFIER | |
| control field | AM-YEHGA |
| 005 - DATE AND TIME OF LATEST TRANSACTION | |
| control field | 20250811114221.0 |
| 008 - FIXED-LENGTH DATA ELEMENTS--GENERAL INFORMATION | |
| fixed length control field | 080704s1958 ru |||||||||||||||||rus|d |
| 040 ## - CATALOGING SOURCE | |
| Original cataloging agency | AM-YEHGA |
| 041 0# - LANGUAGE CODE | |
| Language code of text/sound track or separate title | rus |
| 100 1# - MAIN ENTRY--PERSONAL NAME | |
| Personal name | Арунова, Марианна Рубеновна |
| 245 10 - TITLE STATEMENT | |
| Title | Государство Надир-Шаха Афшара : |
| Remainder of title | Очерки общественных отношений в Иране 30-40-х годов XVIII века / |
| Statement of responsibility, etc. | М.Р. Арунова, К.З. Ашрафян. |
| 260 ## - PUBLICATION, DISTRIBUTION, ETC. | |
| Place of publication, distribution, etc. | Москва : |
| Name of publisher, distributor, etc. | Изд-во вост. лит, |
| Date of publication, distribution, etc. | 1958. |
| 300 ## - PHYSICAL DESCRIPTION | |
| Extent | 284 с. |
| 650 14 - SUBJECT ADDED ENTRY--TOPICAL TERM | |
| Topical term or geographic name entry element | Азия |
| 650 14 - SUBJECT ADDED ENTRY--TOPICAL TERM | |
| Topical term or geographic name entry element | История Ирана |
| 700 1# - ADDED ENTRY--PERSONAL NAME | |
| Personal name | Ашрафян, Клара Зармайровна |
| 942 ## - ADDED ENTRY ELEMENTS (KOHA) | |
| Source of classification or shelving scheme | Universal Decimal Classification |
| Koha item type | Գրքեր / Books |
| Withdrawn status | Lost status | Source of classification or shelving scheme | Damaged status | Not for loan | Collection | Home library | Current library | Date acquired | Total checkouts | Full call number | Barcode | Date last seen | Price effective from | Koha item type | Public note |
|---|---|---|---|---|---|---|---|---|---|---|---|---|---|---|---|
| Universal Decimal Classification | Hovhannisian Individual Collection | Fundamental Scientific Library | Fundamental Scientific Library | 26/09/2017 | Иоан/704 | FL0456551 | 26/09/2017 | 26/09/2017 | Գրքեր / Books | ILL Non-Circ. | |||||
| Universal Decimal Classification | General | Fundamental Scientific Library | Fundamental Scientific Library | 08/04/2019 | РД II/57516 | FL0572082 | 08/04/2019 | 08/04/2019 | Գրքեր / Books | 30 Days Loan | |||||
| General | Fundamental Scientific Library | Fundamental Scientific Library | 11/04/2019 | РД II/58833 | FL0571362 | 11/04/2019 | 11/04/2019 | Գրքեր / Books | 30 Days Loan | ||||||
| Universal Decimal Classification | Kusikian Individual Collection | Fundamental Scientific Library | Fundamental Scientific Library | 30/10/2024 | Кус/170 | FL0684896 | 30/10/2024 | 30/10/2024 | Գրքեր / Books | ILL Non-Circ. |
ՀՀ Գիտությունների ազգային ակադեմիայի հիմնարար գիտական գրադարան = Fundamental Scientific Library of NAS RA
All site content, except where otherwise noted, is licensed under a